| 000 | 00889cam a22002414a 4500 | ||
|---|---|---|---|
| 001 | 13137724 | ||
| 005 | 20171218080730.0 | ||
| 008 | 030326s2003 ilua b 001 0 eng | ||
| 010 | _a 2003048501 | ||
| 020 | _a0071413189 (alk. paper) | ||
| 040 |
_aDLC _cDLC _dDLC |
||
| 041 | _aeng | ||
| 042 | _apcc | ||
| 080 | _a615.535 | ||
| 082 | 0 | 0 |
_a615.535 MIN _221 |
| 100 | 1 | _a5 | |
| 101 | _aSHF | ||
| 245 | 1 | 0 |
_aPrescription alternatives : _cEarl L. Mindell, with Virginia Hopkins. |
| 504 | _aIncludes bibliographical references (p.453-475) and index. | ||
| 906 |
_a7 _bcbc _corignew _d1 _eocip _f20 _gy-gencatlg |
||
| 942 |
_2ddc _cBK |
||
| 999 |
_c39091 _d39091 |
||